Normal view
MARC view
Entry Topical Term
001 - CONTROL NUMBER
- control field: 11598
003 - CONTROL NUMBER IDENTIFIER
- control field: dpl
005 - DATE AND TIME OF LATEST TRANSACTION
- control field: 20100812121037.0
008 - FIXED-LENGTH DATA ELEMENTS
- fixed length control field: 100812|||a|||||| | ||| d
040 ## - CATALOGING SOURCE
- Original cataloging agency: dpl
- Transcribing agency: dpl
150 ## - HEADING--TOPICAL TERM
- Topical term or geographic name as entry element: Steel industry and trade
670 ## - SOURCE DATA FOUND
- Source citation: Work cat.: (dpl): Advances in the theory of ironmaking and steelmaking (ATIS 2009) /, 2009
670 ## - SOURCE DATA FOUND
- Source citation: Work cat.: (dpl): Advances in the theory of ironmaking and steelmaking (ATIS 2009) /, 2009
